00485nam a2200169Ia 4500008004100000082001300041100001900054245003400073250000800107260002500115300001100140500002400151650001600175942000700191952010000198999001700298230524s9999 xx 000 0 und d a510bDUT aDebashis Dutta 0aEngineering Mathematics Vol-I a1ST aNEW DELHIbNAIc2001 aIX;434 aQuantity Number: 1 aMathematics cBK 00104070aTATCLbTATCLcGENd2023-05-24l0o510 DUTp9023r2023-05-24w2023-05-24yBKzBS1101 c33225d33225